| 000 | 00706nam a22002177a 4500 | ||
|---|---|---|---|
| 003 | OSt | ||
| 005 | 20140310183050.0 | ||
| 008 | 130227t xxu||||| |||| 00| 0 eng d | ||
| 020 | _a9789712725104 | ||
| 050 |
_aTL113 _b.J91 2011 |
||
| 082 |
_aF629.2222 _b.D889 2011 |
||
| 245 |
_aJeep ni Juan : _ba history of the jeep in the Philippines / _cJuan, Pacita U. ; as told to Tina Arceo-Dumlao and Gerard Jerome C. Dumlao |
||
| 260 |
_aManila _bAnvil Publishing Inc., _c2011 |
||
| 300 |
_axi, 128 p. : _bill. (some col.) ; _c21 cm. |
||
| 504 | _aIncludes bibliographical references. | ||
| 521 | _aCollege Students | ||
| 526 | _c1210L-1700L | ||
| 541 | _j1 | ||
| 562 | _e1 | ||
| 942 |
_2lcc _cBK _kFIL |
||
| 999 |
_c18638 _d18638 |
||